000 00796nam a2200205 i 4500
001 181620
003 ES-MaACL
005 20251017063114.0
008 130225s1943 sp |||| | spa d
080 _a821.134.2-14"15"
100 1 _aFigueroa, Francisco de,
_d1536-1617
_9151801
245 1 0 _aPoesías /
_cde Francisco de Figueroa ; las publica la Sociedad de Bibliófilos Españoles.
260 _aMadrid :
_bSociedad de Bibliófilos Españoles,
_c1943 (
_fImp. Aldus)
300 _aXIII, 274 p. ;
_c24 cm.
490 1 _aSociedad de Bibliófilos Españoles. Segunda época ;
_v14
710 2 _aSociedad de Bibliófilos Españoles.
_96661
830 1 0 _aSociedad de Bibliófilos Españoles. Segunda época
_v14
_9191496
852 4 _aES-MaACL
_jJ-7(II-14)
999 _c181620
_d181620